00717nam a2200253Ia 4500008004100000020001800041100001800059245002900077245002100106260001500127260002000142260000900162300002600171300002700197300001100224440005600235650004600291650001600337650003600353650002200389650002200411650002200433700000800455160803s9999 xx 000 0 und d a9780061478017 aMayer, Mercer 4aThe best show & share /  cby Mercer Mayer. aNew York : bScholastic Inc. c2011 a1 volume (unpaged) :  bcolor illustrations ;  c21 cm. aThe new adventures of Mercer Mayer's Little Critter aLittle Critter (Fictitious character) --  aSharing --  aShow-and-tell presentations --  xJuvenile fiction. xJuvenile fiction. xJuvenile fiction. a370